Costa Rica Country Quiz - Statistics

General Stats
  • This quiz has been taken 31,886 times
    31,811 since last reset
  • The average score is 10 of 17
Answer Stats
Hint Answer % Correct
Official language Spanish
99%
Bordering countries Panama
97%
Bordering countries Nicaragua
95%
Sea to the east Caribbean Sea
93%
Capital city San José
84%
Meaning of "Costa Rica" in the above language Rich Coast
82%
Costa Rica has been called the "poster child" for this type of tourism {Eco}tourism
75%
What Costa Rica planned to become by 2021 (note: they didn't) {Carbon} neutral
74%
Costa Rica abolished its ______ in 1948 Military
66%
Name any one of the four types of monkeys found in Costa Rica Capuchin | Howler | Spider | Squirrel
50%
Nickname for the species of basilisk which can run on water {Jesus} {Christ} lizard
33%
Official currency Colón
28%
Slang term for a Costa Rican Tico / Tica
23%
Most active volcano Arenal
22%
Dish consisting of rice and beans served as breakfast Gallo {pinto}
22%
River forming a large part of the northern border San Juan
19%
Pacific island sometimes called the southernmost point in North America {Cocos} Island
14%
No matching quizzes found
Score Distribution
Percent of People with Each Score
Percentile by Number Answered
Your Score History
You have not taken this quiz since the last reset